One hundred years of solitude
Uloženo v:
| Hlavní autor: | |
|---|---|
| Další autoři: | |
| Médium: | Kniha |
| Jazyk: | English |
| Vydáno: |
New York
Alfred A. Knopf
1995
|
| Edice: | Everyman’s library
|
| Témata: | |
| Tagy: |
Přidat tag
Žádné tagy, Buďte první, kdo otaguje tento záznam!
|
| Thư viện lưu trữ: | Trung tâm Học liệu Lê Vũ Hùng, Trường Đại học Đồng Tháp |
|---|
| LEADER | 00833pam a22002538a 4500 | ||
|---|---|---|---|
| 001 | 00025209 | ||
| 005 | 20171026081023.0 | ||
| 008 | 110801s1995 ||||||engsd | ||
| 020 | # | # | |a 0679444653 |
| 041 | 0 | # | |a eng |
| 082 | 1 | 4 | |a 863 |b O400N |
| 100 | 1 | # | |a García Márquez, Gabriel |d 1928- |
| 245 | 1 | 0 | |a One hundred years of solitude |c Gabriel García Márquez ; translated from the Spanish by Gregory Rabassa |
| 260 | # | # | |a New York |b Alfred A. Knopf |c 1995 |
| 300 | # | # | |a 416 p. |c 21 cm. |
| 490 | # | # | |a Everyman’s library |
| 650 | # | 4 | |a Tiểu thuyết |
| 650 | # | 4 | |a Tây Ban Nha |
| 650 | # | 4 | |a Văn học hiện đại |
| 700 | 1 | # | |a Rabassa, Gregory |
| 852 | # | # | |b Kho đọc |j KD.0008313 |
| 852 | # | # | |j KD.0008313 |
| 910 | |d 01/08/2011 | ||
| 980 | # | # | |a Trung tâm Học liệu Lê Vũ Hùng, Trường Đại học Đồng Tháp |


